Microsoft share point products and technologies administrator's pocket consultant/ (Record no. 4228)

MARC details
000 -LEADER
fixed length control field 00582 a2200181 4500
010 ## - LCCN (DPL NO)
LC control number ENG-86218
020 ## - INTERNATIONAL STANDARD BOOK NUMBER
International Standard Book Number 9788120332492
Terms of availability 0.00
035 ## - SYSTEM CONTROL NUMBER
System control number EN-69751
037 ## - SOURCE OF ACQUISITION
Source of stock number/acquisition DBAD / PUB
082 14 - DEWEY DECIMAL CLASSIFICATION NUMBER
Classification number 004.682
100 1# - MAIN ENTRY--PERSONAL NAME
Personal name Curry, Ben
245 1# - TITLE STATEMENT
Title Microsoft share point products and technologies administrator's pocket consultant/
Statement of responsibility, etc by Ben Curry
260 ## - PUBLICATION, DISTRIBUTION, ETC. (IMPRINT)
Place of publication, distribution, etc New Delhi
Name of publisher, distributor, etc Prentice-Hall of India
Date of publication, distribution, etc 2007
270 ## - ADDRESS
Address M-97, Connaught Circus
City New Delhi
Postal code 110 001
300 ## - PHYSICAL DESCRIPTION
Extent xix, 408p.
Dimensions 21cm. (Pbk)
500 ## - GENERAL NOTE
General note Includes index
942 ## - ADDED ENTRY ELEMENTS (KOHA)
Institution code [OBSOLETE] dpl
Item type English Books
Source of classification or shelving scheme Dewey Decimal Classification
Classification part 004.682
Call number suffix CUR
Holdings
Withdrawn status Lost status Not for loan Home library Current library Full call number Barcode Cost, replacement price Koha item type
    Not For Loan D.B.Act.Division D.B.Act.Division 004.682 CUR EN-69751 22.00 English Books

© Delhi Public Library
Hit Counter
free hit counter